| 000 | 00668nam a2200181 i 4500 | ||
|---|---|---|---|
| 001 | 40313 | ||
| 003 | ES-MaACL | ||
| 005 | 20230906160205.0 | ||
| 007 | t| | ||
| 008 | 030305s1910 sp ||||1| spa d | ||
| 100 | 1 |
_aCarrillo Guerrero, Francisco. _935776 |
|
| 245 | 1 | 0 |
_aPrincipio fundamental de la colonización española en América : _bTesis presentada para aspirar al grado de Doctor en Filosofía y Letras / _cpor D. Francisco Carrillo Guerrero. |
| 260 |
_aMadrid : _b[s.n.], _c1910 ( _fEst. Tip. de Antonio Marzo) |
||
| 300 |
_a38 p. ; _c22 cm. |
||
| 502 | _aTesis doctoral. | ||
| 651 | 4 |
_aAmérica española- _xHistoria. _97723 |
|
| 852 |
_aES-MaACL _jT-1370-F-7 |
||
| 999 |
_c40313 _d40313 |
||